[Event "FRA-ch U10 Girls"]
[Site "Aix les Bains"]
[Date "2006.??.??"]
[Round "2"]
[White "Benhamouda, Caroline"]
[Black "Mencacci, Floriane"]
[Result "0-1"]
[WhiteElo "1270"]
[BlackElo "1500"]
[PlyCount "136"]
[EventDate "2006.04.16"]
[EventType "swiss"]
[EventRounds "9"]
[EventCountry "FRA"]
[SourceTitle "EXT 2007"]
[Source "ChessBase"]
[SourceDate "2006.11.23"]
[SourceVersion "1"]
[SourceVersionDate "2006.11.23"]
[SourceQuality "1"]

1. e4 d5 2. Bd3 dxe4 3. Bxe4 Nf6 4. Nc3 Nc6 5. Bxc6+ bxc6 6. Nf3 Bg4 7. h3 Bh5 8. 0-0 e6 9. d3 Bd6 10. Bg5 h6 11. Bxf6 Qxf6 12. Ne4 Qf4 13. Ned2 0-0 14. a3 f5 15. b4 e5 16. g3 Qg5 17. Nxg5 Bxd1 18. Raxd1 hxg5 19. c4 c5 20. b5 a6 21. a4 axb5 22. axb5 Rf6 23. Rde1 Re8 24. f3 Rh6 25. Kg2 Kf7 26. Rh1 Ra8 27. Nb1 Ra2+ 28. Kg1 e4 29. Nc3 Rc2 30. Rd1 Rxc3 31. fxe4 fxe4 32. dxe4 Rxg3+ 33. Kf2 Rf6+ 34. Ke2 Rg2+ 35. Ke3 Bf4+ 36. Kf3 Ra2 37. Rd7+ Kg6 38. Rd5 Bd6+ 39. Ke3 Ra3+ 40. Ke2 Ra2+ 41. Ke3 Bf4+ 42. Kd3 Rd2+ 43. Kc3 Ra2 44. Rf1 Be5+ 45. Rxe5 Rxf1 46. Rxc5 Rf3+ 47. Kd4 Rd2+ 48. Ke5 Rf7 49. Rc6+ Kh7 50. c5 Re7+ 51. Re6 Rxe6+ 52. Kxe6 Rd8 53. Ke7 Rb8 54. b6 cxb6 55. cxb6 Rxb6 56. e5 g6 57. e6 Kg7 58. Kd7 Rb7+ 59. Kd8 Kf8 60. e7+ Rxe7 61. Kc8 Kf7 62. Kd8 Ke6 63. Kc8 Rh7 64. Kd8 Rg7 65. Kc8 Kd6 66. Kb8 Kc6 67. Ka8 Kb6 68. Kb8 Rg8# 0-1

[Event "Montigny le Bretonneux op"]
[Site "Montigny le Bretonneux"]
[Date "2004.05.22"]
[Round "6"]
[White "Benhamouda, Caroline"]
[Black "Bouvier, Clement"]
[Result "0-1"]
[WhiteElo "1060"]
[BlackElo "1099"]
[PlyCount "59"]
[EventDate "2004.05.20"]
[EventType "swiss"]
[EventRounds "9"]
[EventCountry "FRA"]
[SourceTitle "EXT 2007"]
[Source "ChessBase"]
[SourceDate "2006.11.23"]
[SourceVersion "1"]
[SourceVersionDate "2006.11.23"]
[SourceQuality "1"]

1. e4 b6 2. Bb5 Bb7 3. Nc3 g6 4. d3 Bg7 5. Bg5 h6 6. Bf4 a6 7. Bc4 e5 8. Bg3 Ne7 9. Bh4 g5 10. Bg3 h5 11. Bxe5 Bxe5 12. h3 Bxc3+ 13. bxc3 d5 14. Bb3 dxe4 15. dxe4 Qxd1+ 16. Rxd1 Nd7 17. Nf3 0-0-0 18. Nxg5 Rhg8 19. Nxf7 Ne5 20. Nxe5 Rxg2 21. Rd7 Nc6 22. Nxc6 Bxc6 23. Rd4 Re8 24. f3 Rg3 25. Bd5 Bd7 26. a4 Bxh3 27. Kf2 h4 28. Rg1 Rxg1 29. Kxg1 Rh8 30. Bc4 0-1